书目信息 |
| 题名: |
无线电接收设备
|
|
| 作者: | 列别傑夫 著 ;沈承弼 译 | |
| 分册: | ||
| 出版信息: | 北京 人民邮电出版社 1957 |
|
| 页数: | 398页 | |
| 开本: | 20cm | |
| 丛书名: | ||
| 单 册: | ||
| 中图分类: | TN85 | |
| 科图分类: | ||
| 主题词: | ||
| 电子资源: | ||
| ISBN: | ||
| 000 | 00638nam0 2200217 45 | |
| 001 | 0189026106 | |
| 005 | 20060509100633.90 | |
| 010 | @dCNY2.10 | |
| 020 | @aCN@b89026106 | |
| 100 | @a19911017d1957 m y0chiy0120 ea | |
| 101 | 0 | @achi |
| 102 | @aCN@b110000 | |
| 105 | @ay z 000yy | |
| 200 | 10 | @a无线电接收设备@Awu xian dian jie shou she bei@f(苏)В·Л·列别傑夫著@F(su)В·Л·lie bie jie fu zhu@g沈承弼译 |
| 210 | @a北京@c人民邮电出版社@d1957 | |
| 215 | @a398页@d20cm | |
| 690 | @aTN85@v4 | |
| 701 | 0 | @a列别傑夫@Alie bie jie fu@4著 |
| 702 | 0 | @a沈承弼@Ashen cheng bi@4译 |
| 801 | 0 | @aCN@bTSSF@c20060509 |
| 905 | @a10447@dTN85@e4 | |
| 无线电接收设备/(苏)В·Л·列别傑夫著/沈承弼译.-北京:人民邮电出版社,1957 |
| 398页;20cm |
| ISBN :CNY2.10 |
| ● |
| 相关链接 |
|
|
|
|
正题名:无线电接收设备
索取号:TN85/4
 
预约/预借
| 序号 | 登录号 | 条形码 | 馆藏地/架位号 | 状态 | 备注 |
| 1 | 0010131 | 202316216 | 密集书库/ [索取号:TN85/4] | 在馆 |